000 00508nam a2200181 i 4500
001 116101
003 ES-MaACL
005 20230906190632.0
007 t|
008 061121s1964 sp a |||| | spa d
100 1 _aOrtuño, Modesto.
_987683
245 1 0 _aTornillería
_b: técnica y práctica de su fabricación /
_cModesto Ortuño.
250 _a1ª ed.
260 _aBarcelona :
_bCeac,
_c1964.
300 _a176 p. :
_bil. ;
_c22 cm.
650 4 _aTornillos.
_9150975
852 _aES-MaACL
_jC-28605
999 _c116101
_d116101